[Event "XIV. DBMM Schach"]
[Site "Dresden"]
[Date "2014.11.22"]
[Round "6.3"]
[White "Gikas, Andreas Basilius"]
[Black "Rohne, Lars"]
[Result "1/2-1/2"]
[WhiteElo "2176"]
[BlackElo "2152"]
[Annotator "br"]
[PlyCount "90"]
[EventDate "2014.??.??"]
[EventType "team-swiss"]
[EventRounds "7"]
[EventCountry "GER"]
[Source "FV Schach e.V."]
[SourceDate "2015.07.06"]
[WhiteTeam "Deutsche Post Bonn"]
[BlackTeam "le-tex GmbH Leipzig"]
[WhiteTeamCountry "GER"]
[BlackTeamCountry "GER"]

1. e4 d6 2. d4 Nf6 3. Nc3 c6 4. f4 Qa5 5. Bd3 e5 6. Nf3 Nbd7 7. Qe2 Be7 8. O-O
O-O 9. Kh1 Qc7 10. a4 b6 11. Bc4 Bb7 12. dxe5 dxe5 13. fxe5 Nxe5 14. Nxe5 Qxe5
15. Rf5 Qb8 16. e5 Nd5 17. Qf3 Bc8 18. Nxd5 cxd5 19. Bxd5 Bxf5 20. Qxf5 Qd8 21.
c4 Rc8 22. Bf4 Rc5 23. Qe4 Kh8 24. Be3 Rc7 25. Bd4 f6 26. Re1 fxe5 27. Bxe5 Bd6
28. Bxd6 Qxd6 29. g3 Rf6 30. Qe8+ Qf8 31. Kg2 Rc8 32. Qd7 Rd8 33. Qe7 Qxe7 34.
Rxe7 a5 35. Rb7 g6 36. b3 Rfd6 37. h4 R8d7 38. Rb8+ Kg7 39. Kf3 Re7 40. Rg8+
Kf6 41. Kf4 h5 42. Rf8+ Kg7 43. Rg8+ Kh7 44. Rf8 Re1 45. Kg5 Re5+ 1/2-1/2

[Event "XIV. DBMM Schach"]
[Site "Dresden"]
[Date "2014.11.22"]
[Round "6.4"]
[White "Hartmann, Uwe"]
[Black "Dehmel, Jens"]
[Result "0-1"]
[WhiteElo "1964"]
[BlackElo "2044"]
[Annotator "br"]
[PlyCount "62"]
[EventDate "2014.??.??"]
[EventType "team-swiss"]
[EventRounds "7"]
[EventCountry "GER"]
[Source "FV Schach e.V."]
[SourceDate "2015.07.06"]
[WhiteTeam "le-tex GmbH Leipzig"]
[BlackTeam "Deutsche Post Bonn"]
[WhiteTeamCountry "GER"]
[BlackTeamCountry "GER"]

1. e4 e5 2. Nf3 Nc6 3. Bc4 Bc5 4. c3 Nf6 5. d4 exd4 6. cxd4 Bb4+ 7. Nc3 Nxe4 8.
O-O Bxc3 9. d5 Bf6 10. Re1 Ne7 11. Rxe4 d6 12. Bg5 Bxg5 13. Nxg5 O-O 14. Nxh7
Bf5 15. Rxe7 Qxe7 16. Nxf8 Rxf8 17. Qe2 Re8 18. Re1 Kf8 19. Bb5 Qxe2 20. Rxe2
Rc8 21. f4 c6 22. dxc6 bxc6 23. Ba4 d5 24. Kf2 c5 25. Re5 Be4 26. g3 f5 27. Re6
d4 28. Bd1 c4 29. Bf3 Bb1 30. Ra6 c3 31. bxc3 dxc3 0-1

[Event "XIV. DBMM Schach"]
[Site "Dresden"]
[Date "2014.11.22"]
[Round "6.1"]
[White "Schildt, Rene"]
[Black "Gohil, Harry"]
[Result "1-0"]
[WhiteElo "2073"]
[BlackElo "2322"]
[Annotator "br"]
[PlyCount "111"]
[EventDate "2014.??.??"]
[EventType "team-swiss"]
[EventRounds "7"]
[EventCountry "GER"]
[Source "FV Schach e.V."]
[SourceDate "2015.07.06"]
[WhiteTeam "BA Tempelhof Berlin"]
[BlackTeam "BSG Commerzbank Frankfurt"]
[WhiteTeamCountry "GER"]
[BlackTeamCountry "GER"]

1. e4 c5 2. Nf3 Nc6 3. d4 cxd4 4. Nxd4 e5 5. Nb5 d6 6. N1c3 a6 7. Na3 Be7 8.
Be3 Nf6 9. Nc4 b5 10. Nb6 Rb8 11. Nbd5 O-O 12. Nxf6+ Bxf6 13. Nd5 Bg5 14. c3
Bxe3 15. Nxe3 Ne7 16. a4 f5 17. axb5 axb5 18. exf5 Nxf5 19. Nxf5 Bxf5 20. Qd5+
Kh8 21. Be2 b4 22. O-O bxc3 23. bxc3 Rb2 24. Bf3 $11 Qe7 25. Ra8 g6 26. Rxf8+
Qxf8 27. Be4 Bxe4 28. Qxe4 Qc8 29. Qd5 Qc7 30. h4 Kg7 31. h5 Rc2 32. hxg6 hxg6
33. Rb1 Kh6 34. Rb3 Qe7 35. Qd1 Ra2 36. c4 Qa7 37. Qf3 Qe7 38. g3 Ra7 39. Kg2
Rc7 40. Qd5 Rc5 41. Qg8 Qg7 42. Qe6 Qc7 43. Rd3 Qb7+ 44. Kh2 Qe4 45. Rxd6 Rxc4
46. Qh3+ Kg5 47. f4+ exf4 48. Qh4+ Kf5 49. Rf6+ Ke5 50. Qg5+ Qf5 51. Rxf5+ gxf5
52. Qe7+ Kd4 53. gxf4 Kd3 54. Qe5 Re4 55. Qxf5 Ke3 56. Kg3 1-0

[Event "XIV. DBMM Schach"]
[Site "Dresden"]
[Date "2014.11.22"]
[Round "6.2"]
[White "Hilbig, Olaf"]
[Black "Feikes, Joerg"]
[Result "1/2-1/2"]
[WhiteElo "2167"]
[BlackElo "1968"]
[Annotator "br"]
[PlyCount "80"]
[EventDate "2014.??.??"]
[EventType "team-swiss"]
[EventRounds "7"]
[EventCountry "GER"]
[Source "FV Schach e.V."]
[SourceDate "2015.07.06"]
[WhiteTeam "BSG Commerzbank Frankfurt"]
[BlackTeam "BA Tempelhof Berlin"]
[WhiteTeamCountry "GER"]
[BlackTeamCountry "GER"]

1. Nc3 e5 2. Nf3 Nc6 3. d4 exd4 4. Nxd4 Bc5 5. Nb3 Bb4 6. e4 Bxc3+ 7. bxc3 b6
8. Be2 Bb7 9. O-O Qf6 10. f4 Qxc3 11. Bd2 Qf6 12. e5 Qe7 13. Bf3 O-O-O 14. Re1
f6 15. Bc3 fxe5 16. fxe5 Nh6 17. a4 Rhf8 18. a5 Rxf3 19. Qxf3 Nxa5 20. Qh3 Nxb3
21. cxb3 Kb8 22. Rad1 Nf7 23. b4 Ng5 24. Qg4 Ne6 25. Rf1 a6 26. Rf2 Bc6 27.
Rdf1 Rf8 28. Rxf8+ Nxf8 29. Qf5 Ne6 30. Qxh7 Qg5 31. Qc2 Bxg2 32. Qxg2 Qe3+ 33.
Kh1 Qxc3 34. Qe4 g5 35. Rf7 Qd2 36. Kg1 c6 37. Rf2 Qc3 38. Rc2 Qd4+ 39. Qxd4
Nxd4 40. Ra2 Kb7 1/2-1/2

[Event "XIV. DBMM Schach"]
[Site "Dresden"]
[Date "2014.11.22"]
[Round "6.3"]
[White "Kettenburg, Stefan"]
[Black "Fischer, Alexander"]
[Result "1/2-1/2"]
[WhiteElo "2063"]
[BlackElo "2038"]
[Annotator "br"]
[PlyCount "74"]
[EventDate "2014.??.??"]
[EventType "team-swiss"]
[EventRounds "7"]
[EventCountry "GER"]
[Source "FV Schach e.V."]
[SourceDate "2015.07.06"]
[WhiteTeam "BA Tempelhof Berlin"]
[BlackTeam "BSG Commerzbank Frankfurt"]
[WhiteTeamCountry "GER"]
[BlackTeamCountry "GER"]

1. d4 d5 2. Nf3 Nf6 3. c4 c6 4. Nc3 e6 5. cxd5 exd5 6. Bg5 h6 7. Bh4 Nbd7 8. e3
Qa5 9. Qc2 Be7 10. Bd3 O-O 11. O-O Re8 12. a3 a6 13. Rae1 Qd8 14. Nd2 Nf8 15.
f3 Ne6 16. b4 $11 a5 17. Qb3 Qb6 18. Na4 Qd8 19. Nc5 axb4 20. axb4 b6 21. Na4
Bd7 22. Ra1 c5 23. bxc5 bxc5 24. Nxc5 Nxc5 25. dxc5 Bxc5 26. Bf2 Rb8 27. Qc3
Qe7 28. e4 Bb4 29. Qc2 Rec8 30. Qd1 dxe4 31. Nxe4 Nxe4 32. fxe4 Bc5 33. Rc1 Be6
34. Qe2 Bxf2+ 35. Qxf2 Rxc1 36. Rxc1 $11 Qa3 37. Rb1 Rxb1+ 1/2-1/2

[Event "XIV. DBMM Schach"]
[Site "Dresden"]
[Date "2014.11.22"]
[Round "6.4"]
[White "Brauer, Frank"]
[Black "Baranowsky, Peter"]
[Result "1-0"]
[WhiteElo "1883"]
[BlackElo "2009"]
[Annotator "fb"]
[PlyCount "45"]
[EventDate "2014.??.??"]
[EventType "team-swiss"]
[EventRounds "7"]
[EventCountry "GER"]
[Source "FV Schach e.V."]
[SourceDate "2015.07.06"]
[WhiteTeam "BSG Commerzbank Frankfurt"]
[BlackTeam "BA Tempelhof Berlin"]
[WhiteTeamCountry "GER"]
[BlackTeamCountry "GER"]

1. e4 c6 2. d4 d5 3. exd5 cxd5 4. c4 Nc6 5. Nf3 Nf6 6. Nc3 Bg4 7. Be3 e6 8. h3
Bxf3 9. Qxf3 Bb4 10. cxd5 Nxd5 11. Rc1 Qa5 12. a3 Bxc3+ 13. bxc3 O-O 14. Bd3
Nxc3 15. Bd2 Nxd4 16. Qe3 e5 17. Bxc3 Qd8 18. O-O Re8 19. Rfd1 Qf6 20. Qe4 g6
21. Qxb7 Rad8 22. Ba5 Re7 23. Bxd8 1-0

[Event "XIV. DBMM Schach"]
[Site "Dresden"]
[Date "2014.11.22"]
[Round "6.1"]
[White "Schmitzer, Klaus"]
[Black "Mueller, Ralf"]
[Result "1-0"]
[WhiteElo "2271"]
[BlackElo "2389"]
[Annotator "br"]
[PlyCount "47"]
[EventDate "2014.??.??"]
[EventType "team-swiss"]
[EventRounds "7"]
[EventCountry "GER"]
[Source "FV Schach e.V."]
[SourceDate "2015.07.06"]
[WhiteTeam "AGI Frankfurt"]
[BlackTeam "SG Stern Stuttgart"]
[WhiteTeamCountry "GER"]
[BlackTeamCountry "GER"]

1. e4 Nf6 2. e5 Nd5 3. c4 Nb6 4. d4 d6 5. exd6 exd6 6. Be3 Be7 7. Nf3 Be6 8.
Nc3 O-O 9. Be2 Bf6 10. b3 Nc6 11. O-O h6 12. Qd2 d5 13. c5 Nc8 14. h3 N8e7 15.
Nh2 Bf5 16. Ng4 Bg5 17. f4 Bh4 18. Bf3 Nb4 19. a3 Nc2 20. Ra2 Nxe3 21. Nxe3 c6
22. g4 Be6 23. Ng2 Bf6 24. g5 1-0

[Event "XIV. DBMM Schach"]
[Site "Dresden"]
[Date "2014.11.22"]
[Round "6.2"]
[White "Scharrer, Udo"]
[Black "Guth, Thomas"]
[Result "1-0"]
[WhiteElo "1979"]
[BlackElo "2301"]
[Annotator "br"]
[PlyCount "175"]
[EventDate "2014.??.??"]
[EventType "team-swiss"]
[EventRounds "7"]
[EventCountry "GER"]
[Source "FV Schach e.V."]
[SourceDate "2015.07.06"]
[WhiteTeam "SG Stern Stuttgart"]
[BlackTeam "AGI Frankfurt"]
[WhiteTeamCountry "GER"]
[BlackTeamCountry "GER"]

1. d4 Nf6 2. c4 c5 3. d5 g6 4. Nc3 Bg7 5. e4 d6 6. Be2 O-O 7. Bg5 a6 8. a4 e6
9. Qd2 exd5 10. exd5 Nbd7 11. Nf3 Re8 12. O-O Ne5 13. Rfe1 Bf5 14. Nh4 Qd7 15.
f3 h5 16. Qf4 Nh7 17. Nxf5 gxf5 18. Bh6 Ng6 19. Qd2 Bd4+ 20. Kh1 Qe7 21. Bd3
Qf6 22. Be3 Rxe3 23. Rxe3 Qg5 24. Rae1 Kg7 25. Nd1 Nf6 26. Qc2 f4 27. R3e2 Ne5
28. Nf2 h4 29. Nh3 Qh6 30. Qd2 Rh8 31. Nxf4 Nxd3 32. Nxd3 Nh5 33. Qxh6+ Rxh6
34. Nf2 Nf4 35. Rc2 Rh8 36. Re4 Be5 37. Rd2 f6 38. Nd3 Ng6 39. Nxe5 fxe5 40.
Rg4 Kf6 41. Kg1 Rh7 42. a5 Kf5 43. g3 Kf6 44. Rd3 Kf5 45. Rb3 hxg3 46. hxg3 Rd7
47. Rb6 Kf6 48. Kg2 Ne7 49. Kf2 Ng6 50. b4 cxb4 51. Rxb4 Ne7 52. Rh4 Ng6 53.
Rh1 e4 54. f4 Kf5 55. Rh5+ Kf6 56. Ke3 Ne7 57. Kxe4 Kg6 58. Rg5+ Kf6 59. Rb6
Nc8 60. Rb1 Rh7 61. Rg8 Rc7 62. Kd4 Ne7 63. Rf8+ Kg6 64. g4 Nc8 65. Re1 b5 66.
cxb5 axb5 67. Rxc8 Rxc8 68. Re6+ Kf7 69. Rxd6 Rc4+ 70. Ke5 Ra4 71. a6 b4 72.
Rb6 b3 73. Rxb3 Rxa6 74. Rb7+ Kg6 75. Rc7 Ra1 76. Rc6+ Kf7 77. g5 Re1+ 78. Kf5
Rd1 79. Rf6+ Kg7 80. d6 Rd2 81. Ke6 Re2+ 82. Kd7 Re4 83. Kd8 Ra4 84. d7 Ra3 85.
Ke7 Ra7 86. Ke8 Kh7 87. d8=Q Kg7 88. Qe7+ 1-0

[Event "XIV. DBMM Schach"]
[Site "Dresden"]
[Date "2014.11.22"]
[Round "6.4"]
[White "Bangert, Udo"]
[Black "Büscher, Henrik"]
[Result "0-1"]
[WhiteElo "1905"]
[BlackElo "2112"]
[Annotator "br"]
[PlyCount "80"]
[EventDate "2014.??.??"]
[EventType "team-swiss"]
[EventRounds "7"]
[EventCountry "GER"]
[Source "FV Schach e.V."]
[SourceDate "2015.07.06"]
[WhiteTeam "SG Stern Stuttgart"]
[BlackTeam "AGI Frankfurt"]
[WhiteTeamCountry "GER"]
[BlackTeamCountry "GER"]

1. Nf3 d5 2. c4 e6 3. d4 f5 4. a3 c6 5. Nbd2 Nf6 6. Ne5 Bd6 7. Ndf3 O-O 8. Bf4
Ne4 9. Qc1 Be7 10. h4 Nd7 11. h5 Nxe5 12. Nxe5 Bf6 13. e3 Nd6 14. Bd3 Nf7 15.
Nxf7 Rxf7 16. Qc2 Re7 17. O-O-O dxc4 18. Bxc4 b5 19. Bb3 Kh8 20. Qc5 Bd7 21.
Bd6 Re8 22. f4 a5 23. Kc2 Qc8 24. Rdg1 Qa6 25. g4 fxg4 26. Be5 Be7 27. Bxg7+
Kxg7 28. Qe5+ Bf6 29. Rxg4+ Kf7 30. Qf5 Rh8 31. h6 Ke7 32. Qc5+ Kd8 33. Rhg1
Re8 34. Rg7 Qa7 35. Qxa7 Rxa7 36. Rxh7 e5 37. Kc1 exd4 38. Rf7 Bh8 39. h7 dxe3
40. Rg8 e2 0-1

[Event "XIV. DBMM Schach"]
[Site "Dresden"]
[Date "2014.11.22"]
[Round "6.1"]
[White "Gempe, Thomas"]
[Black "Schmidt, Harald"]
[Result "0-1"]
[WhiteElo "2209"]
[BlackElo "2364"]
[Annotator "br"]
[PlyCount "76"]
[EventDate "2014.??.??"]
[EventType "team-swiss"]
[EventRounds "7"]
[EventCountry "GER"]
[Source "FV Schach e.V."]
[SourceDate "2015.07.06"]
[WhiteTeam "ADAC Muenchen"]
[BlackTeam "Transit Hamburg"]
[WhiteTeamCountry "GER"]
[BlackTeamCountry "GER"]

1. d4 Nf6 2. c4 e6 3. Nc3 Bb4 4. Qc2 b6 5. e3 Bb7 6. f3 c5 7. Bd3 O-O 8. Nge2
$11 d5 9. cxd5 exd5 10. a3 Bxc3+ 11. bxc3 Re8 12. O-O Ba6 13. Bxa6 Nxa6 14. Bd2
Qd7 15. Qd3 Nb8 16. Be1 c4 17. Qd2 Qf5 18. Bf2 Nc6 19. Rad1 Rad8 20. Qb2 Ne7
21. Rfe1 h5 22. e4 dxe4 23. Ng3 Qg6 24. Nxe4 Nfd5 25. Bh4 Rc8 26. Bg3 Nf5 27.
Qb5 Red8 28. Qb2 h4 29. Bf2 Nf4 30. Be3 Nxe3 31. Rxe3 f5 32. Qd2 fxe4 33. Rxe4
Nd5 34. Rxh4 Re8 35. Rg4 Qd3 36. Rxg7+ Kxg7 37. Qg5+ Qg6 38. Qxd5 Re2 0-1

[Event "XIV. DBMM Schach"]
[Site "Dresden"]
[Date "2014.11.22"]
[Round "6.2"]
[White "Meister, Bernd Holger"]
[Black "Weidl, Robert"]
[Result "1/2-1/2"]
[WhiteElo "1804"]
[BlackElo "1909"]
[Annotator "br"]
[PlyCount "103"]
[EventDate "2014.??.??"]
[EventType "team-swiss"]
[EventRounds "7"]
[EventCountry "GER"]
[Source "FV Schach e.V."]
[SourceDate "2015.07.06"]
[WhiteTeam "Transit Hamburg"]
[BlackTeam "ADAC Muenchen"]
[WhiteTeamCountry "GER"]
[BlackTeamCountry "GER"]

1. e4 c5 2. Nf3 d6 3. Bb5+ Bd7 4. Bxd7+ Qxd7 5. O-O Nc6 6. c3 Nf6 7. Re1 e6 8.
d4 cxd4 9. cxd4 Be7 10. Nc3 O-O 11. h3 Rad8 12. Be3 d5 13. e5 Ne4 14. Rc1 a6
15. a3 Nxc3 16. Rxc3 Rc8 17. Qd3 Na5 18. Rec1 Nc4 19. R1c2 Nxe3 20. Qxe3 Rxc3
21. Qxc3 Rb8 22. Ne1 Qc6 23. Nd3 Rc8 24. Qxc6 Rxc6 25. Rxc6 bxc6 26. Kf1 Kf8
27. Ke2 Ke8 28. Kd2 Kd8 29. Kc3 Kc7 30. f4 Kb6 31. b4 a5 32. g4 axb4+ 33. axb4
Kb5 34. f5 exf5 35. gxf5 g5 36. f6 Bf8 37. Nc5 h5 38. e6 fxe6 39. Nxe6 Bxb4+
40. Kd3 g4 41. hxg4 hxg4 42. Nc5 Bxc5 43. dxc5 g3 44. Ke3 d4+ 45. Kf3 d3 46. f7
d2 47. Ke2 g2 48. f8=Q g1=Q 49. Qb8+ Kc4 50. Kxd2 Qf2+ 51. Kd1 Qf1+ 52. Kd2
1/2-1/2

[Event "XIV. DBMM Schach"]
[Site "Dresden"]
[Date "2014.11.22"]
[Round "6.3"]
[White "Baudrexel, Peter"]
[Black "Ziller, Christian"]
[Result "0-1"]
[WhiteElo "1834"]
[BlackElo "2071"]
[Annotator "br"]
[PlyCount "36"]
[EventDate "2014.??.??"]
[EventType "team-swiss"]
[EventRounds "7"]
[EventCountry "GER"]
[Source "FV Schach e.V."]
[SourceDate "2015.07.06"]
[WhiteTeam "ADAC Muenchen"]
[BlackTeam "Transit Hamburg"]
[WhiteTeamCountry "GER"]
[BlackTeamCountry "GER"]

1. f4 b6 2. Nf3 Bb7 3. e3 e6 4. d4 Nf6 5. Bd3 c5 6. c3 Be7 7. O-O h6 8. Nbd2 d5
9. Ne5 Nbd7 10. Qf3 Bd6 11. Qh3 Qe7 12. a4 a6 13. Ndf3 Nf8 14. f5 exf5 15. Bxf5
g6 16. Bd3 Ne4 17. Ng4 Bc8 18. Qh4 Qxh4 0-1

[Event "XIV. DBMM Schach"]
[Site "Dresden"]
[Date "2014.11.22"]
[Round "6.4"]
[White "Bohn, Christoph"]
[Black "Obermeier, Karlheinz"]
[Result "1-0"]
[WhiteElo "1920"]
[BlackElo "1553"]
[Annotator "br"]
[PlyCount "97"]
[EventDate "2014.??.??"]
[EventType "team-swiss"]
[EventRounds "7"]
[EventCountry "GER"]
[Source "FV Schach e.V."]
[SourceDate "2015.07.06"]
[WhiteTeam "Transit Hamburg"]
[BlackTeam "ADAC Muenchen"]
[WhiteTeamCountry "GER"]
[BlackTeamCountry "GER"]

1. c4 e5 2. Nc3 Nf6 3. g3 Nc6 4. Bg2 d6 5. e3 Bg4 6. Nge2 Qd7 7. h3 Be6 8. b3
Be7 9. Bb2 Rb8 10. Nd5 Bxd5 11. cxd5 Nb4 12. d4 e4 13. O-O Nbxd5 14. Qd2 Nb6
15. Nc3 d5 16. f3 exf3 17. Rxf3 O-O 18. Qd3 c6 19. Re1 Bb4 20. e4 dxe4 21. Nxe4
Nxe4 22. Rxe4 Nd5 23. Rh4 g6 24. Bc1 Rfe8 25. Bf4 Rbd8 26. Be5 Bd6 27. Re4 Bf8
28. Kh2 Bg7 29. h4 f6 30. Bh3 f5 31. Re1 Ne7 32. Qc4+ Qd5 33. Qxd5+ Rxd5 34. h5
Bxe5 35. dxe5 Rf8 36. g4 fxg4 37. Rxf8+ Kxf8 38. Bxg4 Rd2+ 39. Kh3 Rxa2 40. h6
Rd2 41. Rf1+ Ke8 42. Be6 Nf5 43. Bxf5 gxf5 44. Rxf5 Rd3+ 45. Kg4 Ke7 46. Rg5
Rd7 47. Kf5 a5 48. Rg7+ Ke8 49. e6 1-0

[Event "XIV. DBMM Schach"]
[Site "Dresden"]
[Date "2014.11.22"]
[Round "6.2"]
[White "Tokarev, Igor"]
[Black "Hein, Ralf"]
[Result "0-1"]
[WhiteElo "2001"]
[BlackElo "2047"]
[Annotator "br"]
[PlyCount "48"]
[EventDate "2014.??.??"]
[EventType "team-swiss"]
[EventRounds "7"]
[EventCountry "GER"]
[Source "FV Schach e.V."]
[SourceDate "2015.07.06"]
[WhiteTeam "SV OSRAM Augsburg"]
[BlackTeam "Baubehoerde Hamburg"]
[WhiteTeamCountry "GER"]
[BlackTeamCountry "GER"]

1. Nf3 d5 2. d4 Nf6 3. c4 c6 4. e3 g6 5. Nc3 Bg7 6. Be2 O-O 7. O-O Nbd7 8. Qb3
e6 9. Rd1 dxc4 10. Bxc4 b5 11. Be2 a5 12. e4 b4 13. e5 Nd5 14. Na4 Ba6 15. Bxa6
Rxa6 16. Bg5 Qb8 17. Rac1 Qb5 18. Nc5 a4 19. Qd3 Nxc5 20. Qxb5 cxb5 21. Rxc5 a3
22. Rd2 b3 23. bxa3 Rxa3 24. Rd3 b2 0-1

[Event "XIV. DBMM Schach"]
[Site "Dresden"]
[Date "2014.11.22"]
[Round "6.3"]
[White "Kaliski, Achim"]
[Black "Zunic, Josef"]
[Result "1-0"]
[WhiteElo "1976"]
[BlackElo "1807"]
[Annotator "br"]
[PlyCount "81"]
[EventDate "2014.??.??"]
[EventType "team-swiss"]
[EventRounds "7"]
[EventCountry "GER"]
[Source "FV Schach e.V."]
[SourceDate "2015.07.06"]
[WhiteTeam "Baubehoerde Hamburg"]
[BlackTeam "SV OSRAM Augsburg"]
[WhiteTeamCountry "GER"]
[BlackTeamCountry "GER"]

1. e4 e5 2. Nc3 Bc5 3. Bc4 d6 4. a3 a6 5. d3 Be6 6. Ba2 Bxa2 7. Nxa2 Ne7 8. Be3
Nd7 9. Qd2 O-O 10. Ne2 Bxe3 11. fxe3 f5 12. exf5 Nxf5 13. O-O Qe7 14. e4 Nd4
15. Nxd4 Rxf1+ 16. Rxf1 exd4 17. Nc1 Rf8 18. Rxf8+ Qxf8 19. Ne2 c5 20. Qg5 Ne5
21. Ng3 h6 22. Qf5 g6 23. Qxf8+ Kxf8 24. Ne2 Kf7 25. h3 g5 26. Kf2 Ke6 27. Ng3
b5 28. Nf5 Nf7 29. Ng7+ Ke5 30. b4 c4 31. Ne8 d5 32. exd5 Kxd5 33. Nc7+ Kc6 34.
Nxa6 Ne5 35. Nc5 g4 36. Ke2 h5 37. Ne6 Kd5 38. Nf4+ Kc6 39. Nxh5 gxh3 40. gxh3
Ng6 41. Kf3 1-0

[Event "XIV. DBMM Schach"]
[Site "Dresden"]
[Date "2014.11.22"]
[Round "6.4"]
[White "Pilhoefer, Bernd"]
[Black "Groeppel, Peter"]
[Result "0-1"]
[WhiteElo "1547"]
[BlackElo "1910"]
[Annotator "br"]
[PlyCount "150"]
[EventDate "2014.??.??"]
[EventType "team-swiss"]
[EventRounds "7"]
[EventCountry "GER"]
[Source "FV Schach e.V."]
[SourceDate "2015.07.06"]
[WhiteTeam "SV OSRAM Augsburg"]
[BlackTeam "Baubehoerde Hamburg"]
[WhiteTeamCountry "GER"]
[BlackTeamCountry "GER"]

1. e4 c5 2. f4 Nc6 3. c3 d5 4. e5 Bf5 5. Nf3 e6 6. d4 Qb6 7. Bd3 Bxd3 8. Qxd3
Qa6 9. Qxa6 bxa6 10. b3 cxd4 11. cxd4 Nh6 12. O-O Nf5 13. Rd1 h5 14. Nc3 Be7
15. Ne2 h4 16. Bd2 Kd7 17. Rac1 Rac8 18. Kf2 Rc7 19. Rc2 Rhc8 20. Rdc1 Ba3 21.
Rd1 Bb4 22. Bc1 Na5 23. Rxc7+ Rxc7 24. a3 Be7 25. Nd2 g5 26. b4 Nc6 27. Nb3 g4
28. Nc5+ Bxc5 29. dxc5 Rb7 30. Nc3 Kc7 31. Bb2 Nce7 32. Ba1 Kc6 33. Rb1 Rb8 34.
a4 g3+ 35. hxg3 hxg3+ 36. Kf3 Nd4+ 37. Kxg3 Nc2 38. Na2 d4 39. Kf2 Nd5 40. g4
Nxf4 41. Kf3 Nd5 42. Ke4 Ncxb4 43. Nxb4+ Nxb4 44. Bxd4 a5 45. Rf1 Rb7 46. g5
Re7 47. Rc1 Rd7 48. Rc4 Na6 49. Rc3 Rb7 50. Rf3 Rb4 51. Rxf7 Nxc5+ 52. Ke3 Rb3+
53. Kf4 Rb4 54. Ke3 Nxa4 55. g6 Rb3+ 56. Kf4 Rb4 57. g7 Rxd4+ 58. Kg5 Rd1 59.
Kf6 Rg1 60. Rf8 Rxg7 61. Kxg7 Nc5 62. Rc8+ Kd5 63. Kf6 Nd7+ 64. Ke7 Nxe5 65.
Rd8+ Kc5 66. Kxe6 Nc6 67. Rd5+ Kb6 68. Kd6 a4 69. Rd1 Nb4 70. Rb1 a3 71. Rb3 a2
72. Ra3 a6 73. Ke5 Kc5 74. Ke4 Kc4 75. Ke3 Nc2+ 0-1

[Event "XIV. DBMM Schach"]
[Site "Dresden"]
[Date "2014.11.22"]
[Round "6.2"]
[White "Gebert Vangeel, Ralf"]
[Black "Marten, Gero"]
[Result "0-1"]
[WhiteElo "2041"]
[BlackElo "2010"]
[Annotator "rgv"]
[PlyCount "120"]
[EventDate "2014.??.??"]
[EventType "team-swiss"]
[EventRounds "7"]
[EventCountry "GER"]
[Source "FV Schach e.V."]
[SourceDate "2015.07.06"]
[WhiteTeam "SV OSRAM Berlin"]
[BlackTeam "Sparkassen-Vers. Stuttgart"]
[WhiteTeamCountry "GER"]
[BlackTeamCountry "GER"]

1. e4 c5 2. Nf3 d6 3. d4 cxd4 4. Nxd4 Nf6 5. Nc3 a6 6. Be2 e5 7. Nb3 Be7 8. O-O
Be6 9. Be3 Nbd7 10. Kh1 Rc8 11. f3 Qc7 12. Rc1 Nb6 13. Bxb6 Qxb6 14. Nd5 Nxd5
15. exd5 Bf5 16. f4 g6 17. Bg4 Bxg4 18. Qxg4 f5 19. Qe2 e4 20. g4 h5 21. g5 Bf8
22. c3 Bg7 23. Rc2 Kf7 24. Rd1 Rc7 25. c4 Rhc8 26. Nd2 Re7 27. Nf1 Qc5 28. a3
a5 29. Rb1 e3 30. Re1 Re4 31. Ng3 Rxc4 32. Rxc4 Qxc4 33. Qxc4 Rxc4 34. b3 Rc3
35. b4 axb4 36. axb4 Rb3 37. Rc1 Rxb4 38. Rc7+ Kg8 39. Rc8+ Kh7 40. Re8 Rxf4
41. Rxe3 Rd4 42. Re7 b5 43. Rb7 Rxd5 44. Ne2 Re5 45. Nf4 b4 46. Kg2 b3 47. Rxb3
Re7 48. Nd5 Ra7 49. Kf3 Be5 50. h3 Kg7 51. Ke3 Kf7 52. Kd3 Ke6 53. Kc4 f4 54.
Rb8 Kf5 55. h4 Kg4 56. Rg8 Rg7 57. Rf8 Kxh4 58. Nxf4 Bxf4 59. Rxf4+ Kxg5 60.
Rd4 h4 0-1

[Event "XIV. DBMM Schach"]
[Site "Dresden"]
[Date "2014.11.22"]
[Round "6.3"]
[White "Bischoff, Ulrich"]
[Black "Mueller, Gerd"]
[Result "0-1"]
[WhiteElo "2107"]
[BlackElo "1847"]
[Annotator "gm"]
[PlyCount "48"]
[EventDate "2014.??.??"]
[EventType "team-swiss"]
[EventRounds "7"]
[EventCountry "GER"]
[Source "FV Schach e.V."]
[SourceDate "2015.07.06"]
[WhiteTeam "Sparkassen-Vers. Stuttgart"]
[BlackTeam "SV OSRAM Berlin"]
[WhiteTeamCountry "GER"]
[BlackTeamCountry "GER"]

1. e4 c5 2. Nf3 a6 3. d4 cxd4 4. Nxd4 d6 5. Nc3 Nf6 6. Bc4 e5 7. Nde2 Nbd7 8.
Ng3 Qc7 9. Bb3 b5 10. O-O Bb7 11. f4 Nc5 12. fxe5 Nxb3 13. axb3 dxe5 14. Rxf6
gxf6 15. Nh5 Qb6+ 16. Kh1 Rg8 17. Be3 Qe6 18. Nd5 O-O-O 19. Nhxf6 Rg6 20. Qf3
Rd6 21. Bc5 Rxd5 22. exd5 Bxc5 23. dxe6 Bxf3 24. gxf3 Rxf6 0-1

[Event "XIV. DBMM Schach"]
[Site "Dresden"]
[Date "2014.11.22"]
[Round "6.4"]
[White "Riess, Bernhard"]
[Black "Lau, Peter"]
[Result "0-1"]
[WhiteElo "1571"]
[BlackElo "1824"]
[Annotator "br"]
[PlyCount "76"]
[EventDate "2014.??.??"]
[EventType "team-swiss"]
[EventRounds "7"]
[EventCountry "GER"]
[Source "FV Schach e.V."]
[SourceDate "2015.07.06"]
[WhiteTeam "SV OSRAM Berlin"]
[BlackTeam "Sparkassen-Vers. Stuttgart"]
[WhiteTeamCountry "GER"]
[BlackTeamCountry "GER"]

1. d4 f5 2. c4 Nf6 3. Nc3 g6 4. h4 Bg7 5. e4 fxe4 6. h5 d5 7. hxg6 hxg6 8.
Rxh8+ Bxh8 9. cxd5 Nxd5 10. Nxe4 Bf5 11. Bd3 Nb4 12. Bb1 Qxd4 13. Qxd4 Bxd4 14.
a3 Nd5 15. Ne2 Nc6 16. f3 Nf6 17. N2c3 O-O-O 18. g4 Bxc3+ 19. bxc3 Bxe4 20.
Bxe4 Nxe4 21. fxe4 Rh8 22. Kd1 Ne5 23. g5 Rh4 24. Ra2 Rh1+ 25. Kc2 Rh2+ 26. Kb3
Rxa2 27. Kxa2 Kd7 28. Kb3 a6 29. c4 Kc6 30. a4 Nd3 31. Ba3 Nc5+ 32. Kc2 e5 33.
a5 Nxe4 34. Bc1 Kd6 35. Kd3 Nc5+ 36. Kc3 Ke6 37. Be3 Ne4+ 38. Kd3 Kf5 0-1

[Event "XIV. DBMM Schach"]
[Site "Dresden"]
[Date "2014.11.22"]
[Round "6.1"]
[White "Ungerer, Markus"]
[Black "Eskandary, Jahya"]
[Result "1-0"]
[WhiteElo "2125"]
[BlackElo "2091"]
[Annotator "br"]
[PlyCount "91"]
[EventDate "2014.??.??"]
[EventType "team-swiss"]
[EventRounds "7"]
[EventCountry "GER"]
[Source "FV Schach e.V."]
[SourceDate "2015.07.06"]
[WhiteTeam "W&W"]
[BlackTeam "Europark Altenberg"]
[WhiteTeamCountry "GER"]
[BlackTeamCountry "GER"]

1. e4 e5 2. Nf3 Nc6 3. Bc4 Bc5 4. c3 Qe7 5. O-O d6 6. d4 Bb6 7. d5 Nd8 8. a4 a6
9. Bd3 Bg4 10. h3 Bh5 11. Nbd2 f6 12. Nc4 Ba7 13. Ne3 g5 14. b4 Nh6 15. b5 a5
16. g4 Bg6 17. Nc4 Bc5 18. b6 Nhf7 19. Be3 cxb6 20. Nxb6 Bxb6 21. Bxb6 Kf8 22.
Nd2 h5 23. Kg2 Kg7 24. Nc4 hxg4 25. hxg4 Nh6 26. f3 Be8 27. Rh1 Bd7 28. Qe2 Qe8
29. Nxd6 Qe7 30. Nb5 Bxb5 31. axb5 a4 32. c4 Qb4 33. Rhb1 Qc3 34. Qc2 Qxc2+ 35.
Bxc2 Ndf7 36. c5 Ng8 37. Rxa4 Ne7 38. Rba1 Rag8 39. c6 Ng6 40. cxb7 Nf4+ 41.
Kf1 Rh1+ 42. Bg1 Nd6 43. Ra8 Nxb7 44. Rxg8+ Kxg8 45. Ra8+ Kf7 46. Ra7 1-0